Výskum stanovísk malých a stredných podnikateľov pred vstupom do eurozóny

Podnikanie v krajinách EU, resp. ich spolupráca. Analýza problémov vzťahu a zmeny podnikania po vstupe Slovenska do Európskej únie. Zmena podnikateľského procesu od vstupu SR do EÚ

Guardado en:
Detalles Bibliográficos
Autor principal: Strážovská, Helena
Otros Autores: Strážovská, Ľubomíra
Formato: Capítulo de libro
Lenguaje:eslovaco
Materias:
Etiquetas: Agregar Etiqueta
Sin Etiquetas, Sea el primero en etiquetar este registro!

MARC

LEADER 00000naa$a2200000$$$4500
001 0081943
005 20231011120238.1
041 0 |a slo 
044 |a SK 
245 1 0 |a Výskum stanovísk malých a stredných podnikateľov pred vstupom do eurozóny  |c Helena Strážovská, Ľubomíra Strážovská 
520 |a Podnikanie v krajinách EU, resp. ich spolupráca. Analýza problémov vzťahu a zmeny podnikania po vstupe Slovenska do Európskej únie. Zmena podnikateľského procesu od vstupu SR do EÚ 
610 2 0 |a eurozóna 
610 2 0 |a podnik 
610 2 0 |a Slovensko 
610 2 0 |a podnikanie malé 
610 2 0 |a podnikanie stredné 
100 1 |a Strážovská, Helena 
700 1 |a Strážovská, Ľubomíra